00885cam a2200241 a 450000100100000000500170001000800410002702000150006804000410008308200260012410000460015024500670019625000110026326000590027430000210033365000350035465000350038965000290042491000340045304900090048795201300049699900170062600001795220200929165307.0931027s1989 cr 001 p spa d a9977232563 aDO-SdBNPbspacNhDdPPiUdDLCdBNPHU aCr861.44bA996v, 19891 aAzofeifa, Isaac Felipe,d1909-199793892810aVigilia en pie de muerte :bpoesía /cIsaac Felipe Azofeifa. a3a ed. aSan José, Costa Rica :bEditorial Costa Rica,c1989. a123 p. ;c17 cm. 4aPoesía costarrincense938929 4aLiteratura costarricense93332 4aVigiliaxPoesía938930 aCatalogación por copia / LC aBNGR 001054708MOaGRbGRcCTd2010-04-07iLF1l0oCr861.44 A996v, 1989p17952-10r2020-06-25w2020-06-25y4ZPréstamo en sala c17476d17476